LEADER 00833nam0-22002651i-450 001 990005075190403321 005 20230227101352.0 035 $a000507519 035 $aFED01000507519 035 $a(Aleph)000507519FED01 100 $a19990530g19009999km-y0itay50------ba 101 0 $ager 105 $ay-------001yy 200 1 $a<>Composition des Huon von Bordeaux$eNebst kritischen Bemerkungen uber Begriff und Bedeutung der Sage$fvon Carl Voretzsch 210 $aHalle$cNiemeyer$d1900 215 $aXII, 420 p.$d23 cm 225 1 $aEpische Studien$v1 700 1$aVoretzsch,$bKarl$f<1867-1947>$0189325 801 0$aIT$bUNINA$gRICA$2UNIMARC 901 $aBK 912 $a990005075190403321 952 $aMC 651$bFil.Mod. 11047$fFLFBC 959 $aFLFBC 996 $aComposition des Huon von Bordeaux$9531457 997 $aUNINA